000
00258nam a22001217a 4500
008
181011b xxu||||| |||| 00| 0 eng d
041
_a
eng
080
_2
4th
_a
591
100
_a
7
101
_a
ZOO
245
_a
Veterinary Medicine
_c
Blood
942
_2
udc
_c
BK
999
_c
49449
_d
49449